000 00420nam a2200169 i 4500
001 bg
100 1 _aSOŁDACZUK, J.
245 0 _aMiędzynarodowe stosunki ekonomiczne /
_cJ. Sołdaczuk, Z. Kamecki, P. Bożyk.
250 _aWyd.4.
260 _aWarszawa,
_c1987.
700 1 _aKAMECKI, Z.
700 1 _aBOŻYK, Paweł
040 _cBPK
041 _apol
942 _cKS
008 s pl f |000 0 pol
999 _c3307
_d3307
856 _uhttp://koha.tu.koszalin.pl/cgi-bin/koha/opac-detail.pl?biblionumber=3307
_yKatalog online BPK